000 00738nam a2200229Ii 4500
003 JO-AjNU
008 230605s9999||||xx |||||||||||||| ||und||
017 _a2007/3/751
020 _a278-9957-33-115-3
040 _aJO-AjNU
_bara
_erda
_cJO-AjNU
041 _aara
050 1 4 _aLB3013.3.Z5922 2007
100 3 _aزيادة،أحمد رشيد عبد الرحيم,
_eauthor
_921834
245 0 0 _aالعنف المدرسي بين التظرية والتطبيق
250 _aط1
264 3 1 _aعمان:مؤسسة الوراق،2007
300 _a214ص
336 _atext
_btxt
_2rdacontent
337 _aunmediated
_bn
_2rdamedia
338 _avolume
_bnc
_2rdacarrier
650 4 _aالمدارس-التعلم-التربية
_921835
999 _aA7653
_c11221
_d11221